书目信息 |
| 题名: |
雨果抒情诗精选
|
|
| 作者: | 雨果, 著 ;何展达 译 | |
| 分册: | ||
| 出版信息: | 哈尔滨 哈尔滨人民出版社 2003.12 |
|
| 页数: | 234页 | |
| 开本: | 21cm | |
| 丛书名: | 文坛巨匠传世名作 | |
| 单 册: | ||
| 中图分类: | I561.23 | |
| 科图分类: | ||
| 主题词: | 抒情诗--shu qing shi--法国--近代 | |
| 电子资源: | ||
| ISBN: | 7-80699-070-4 | |
| 000 | 01035nam 2200253 450 | |
| 001 | 016262443700 | |
| 005 | 20050901051429.97 | |
| 010 | @a7-80699-070-4@dCNY10.00 | |
| 100 | @a20040917d2003 km y0chiy0121 ea | |
| 101 | 1 | @achi@cfre |
| 102 | @aCN@b230000 | |
| 105 | @aa z 000gy | |
| 200 | 1 | @a雨果抒情诗精选@Ayu guo shu qing shi jing xuan@f(法)雨果(Victor Hugo)著@F(fa)yu guo(Victor Hugo)zhu@g何展达译@Ghe zhan da yi |
| 210 | @a哈尔滨@c哈尔滨人民出版社@d2003.12 | |
| 215 | @a234页@c图 (部分彩图)@d21cm | |
| 225 | 2 | @a文坛巨匠传世名作@Awen tan ju jiang chuan shi ming zuo |
| 330 | @a本书精选的诗歌,都是《颂歌集》、《东方集》、《秋叶集》、《暮歌集》、《心声集》、《惩罚集》和《静观集》等几个诗集中的名篇佳作,既有浪漫主义的抒情杰作,又有讽刺诗和宗教哲理诗的精品。 | |
| 410 | 0 | @12001 @a文坛巨匠传世名作 |
| 606 | 0 | @a抒情诗@Ashu qing shi@x法国@z近代 |
| 690 | @aI561.23@v4 | |
| 701 | 1 | @a雨果,@Ayu guo,@bV.@g(Hugo, Victor)@4著 |
| 702 | 0 | @a何展达@Ahe zhan da@4译 |
| 801 | 0 | @aCN@bQSSK@c20050901 |
| 905 | @a10447@dI561.23@eY830 | |
| 雨果抒情诗精选/(法)雨果(Victor Hugo)著/何展达译.-哈尔滨:哈尔滨人民出版社,2003.12 |
| 234页:图 (部分彩图);21cm.-(文坛巨匠传世名作) |
| ISBN 7-80699-070-4:CNY10.00 |
| 本书精选的诗歌,都是《颂歌集》、《东方集》、《秋叶集》、《暮歌集》、《心声集》、《惩罚集》和《静观集》等几个诗集中的名篇佳作,既有浪漫主义的抒情杰作,又有讽刺诗和宗教哲理诗的精品。 |
| ● |
| 相关链接 |
|
|
|
正题名:雨果抒情诗精选
索取号:I561.23/Y830
 
预约/预借
| 序号 | 登录号 | 条形码 | 馆藏地/架位号 | 状态 | 备注 |
| 1 | 566708 | 205667081 | 文学库116/116文学库 19排3列5层/ [索取号:I561.23/Y830] | 在馆 | |
| 2 | 566709 | 205667090 | 文学库116/116文学库 19排3列5层/ [索取号:I561.23/Y830] | 在馆 | |
| 3 | 566710 | 205667107 | 社科二线422/116文学库 19排3列5层/ [索取号:I561.23/Y830] | 在馆 |